[Event "Tourn. n10267"]
[Site "www.chess-mail.com"]
[Date "2020.04.03"]
[Round "1"]
[White "Fabos12"]
[Black "Chessdna"]
[WhiteElo "1480"]
[BlackElo "1630"]
[Result "0-1"]
[Round "1"]
1.d4 d5
2.Ng1f3 c5
3.c3 c4
4.g3 Nb8c6
5.Bf1g2 h6
6.O-O g5
7.Rf1e1 Ng8f6
8.Nb1d2 Bf8g7
9.e4 O-O
10.e5 Nf6h7
11.h4 gxh4
12.Nf3xh4 e6
13.Nd2f1 f6
14.Nh4g6 Rf8f7
15.Bc1f4 Nc6e7
16.Qd1c2 f5
17.Ng6h4 Nh7f8
18.Bg2f3 Nf8h7
19.Qc2d2 Rf7f8
20.Bf4xh6 Bg7xh6
21.Qd2xh6 Bc8d7
22.Nh4g6 Ne7xg6
23.Qh6xg6 Kh8
24.Qg6h5 Rf8g8
25.Qh5h6 Qd8e7
26.Nf1e3 Ra8f8
27.Kg2 Bd7e8
28.Re1h1 { time. }
0-1

[Event "Tourn. n10307"]
[Site "www.chess-mail.com"]
[Date "2020.04.03"]
[Round "1"]
[White "Madz123456"]
[Black "Andychesston"]
[WhiteElo "1820"]
[BlackElo "1920"]
[Result "1-0"]
[Round "1"]
1.e4 e5
2.Ng1f3 Nb8c6
3.d4 exd4
4.Nf3xd4 Bf8b4
5.c3 Bb4c5
6.Nd4xc6 bxc6
7.Bf1d3 Bc5xf2
8.Kxf2 d6
9.Rh1f1 Qd8h4
10.Kg1 Ng8f6
11.Bc1f4 Bc8g4
12.Qd1a4 O-O
13.Qa4xc6 Ra8b8
14.Qc6xc7 Rb8xb2
15.Nb1d2 Bg4e6
16.Qc7xa7 Nf6g4
17.Nd2c4 Rb2xg2
18.Kxg2 Ng4xh2
19.Bf4xh2 Qh4h3
20.Kg1 Qh3xd3
21.Nc4xd6 Qd3xc3
22.Ra1b1 Qc3d2
23.Rb1b8 Qd2g5
24.Kh1 f6
25.Rb8xf8 Kxf8
26.Qa7a8 Ke7
27.Qa8e8 { resign }
1-0

[Event "Tournament 01"]
[Site "www.echecsemail.com"]
[Date "2020.04.03"]
[Round "1"]
[White "Fantomas"]
[Black "Madz123456"]
[WhiteElo "2120"]
[BlackElo "2020"]
[Result "0-1"]
[Round "1"]
1.e4 c5
2.Ng1f3 Nb8c6
3.d4 cxd4
4.Nf3xd4 Ng8f6
5.Nb1c3 e5
6.Nd4f5 d5
7.Nf5g3 d4
8.Nc3e2 Qd8b6
9.a3 h5
10.Ne2g1 h4
11.Ng3e2 Nf6xe4
12.f3 Ne4d6
13.c3 Bc8e6
14.cxd4 Be6b3
15.Qd1d2 Nd6c4
16.Qd2d3 exd4
17.Qd3e4 Bf8e7
18.Ne2f4 O-O-O
19.Bf1d3 g5
20.Nf4h3 Kb8
21.Qe4f5 Nc4d6
{ resign }
0-1

[Event "Tourn. n10323"]
[Site "www.chess-mail.com"]
[Date "2020.04.03"]
[Round "1"]
[White "Dementia"]
[Black "Jose"]
[WhiteElo "2659"]
[BlackElo "2860"]
[Result "0-1"]
[Round "1"]
1.b3 e5
2.Bc1b2 Nb8c6
3.Ng1f3 e4
4.Nf3d4 Nc6xd4
5.Bb2xd4 d5
6.e3 Ng8e7
7.Bd4b2 Ne7c6
8.Nb1c3 Bc8e6
9.d3 Qd8h4
10.dxe4 dxe4
11.a3 Bf8d6
12.g3 Qh4f6
13.Bf1g2 O-O-O
14.Qd1e2 Kb8
 { time }
0-1

[Event "Pariolinius great tourney"]
[Site "www.echecsemail.com"]
[Date "2020.04.03"]
[Round "1"]
[White "Pariolinius"]
[Black "Aders1"]
[WhiteElo "2030"]
[BlackElo "2350"]
[Result "1-0"]
[Round "1"]
1.e4 g6
2.d4 Bf8g7
3.Ng1f3 d6
4.Nb1c3 c6
5.Bc1e3 Ng8f6
6.Bf1e2 O-O
7.O-O b5
8.b4 a5
9.a3 Nb8d7
10.Be2d3 Qd8c7
11.Be3f4 Nf6h5
12.Bf4e3 Nd7b6
13.Qd1d2 Bc8e6
14.Nf3g5 Be6c4
15.f4 axb4
16.axb4 Ra8xa1
17.Rf1xa1 h6
18.Ng5f3 e6
19.Nc3e2 Nh5f6
20.Ne2g3 Nf6g4
21.c3 f5
22.e5 dxe5
23.dxe5 Rf8d8
24.Be3d4 h5
25.Ra1a6 Nb6d5
26.Ra6a7 Qc7c8
27.Nf3g5 Bc4xd3
28.Qd2xd3 Nd5xf4
29.Qd3c2 Rd8d7
30.Qc2a2 Rd7xa7
31.Qa2xa7 Ng4xe5
32.Bd4xe5 { resign }
1-0

[Event "Tourn. n10299"]
[Site "www.chess-mail.com"]
[Date "2020.04.03"]
[Round "1"]
[White "Vasylpuzanov"]
[Black "Jjmcbride"]
[WhiteElo "1570"]
[BlackElo "1630"]
[Result "0-1"]
[Round "1"]
1.e4 e5
2.f4 d6
3.Ng1f3 Nb8c6
4.Bf1c4 exf4
5.d4 Ng8f6
6.Nb1c3 a6
7.Bc1xf4 h6
8.O-O Nc6a5
9.Bc4d3 c5
 { time }
0-1

[Event "Match"]
[Site "www.echecsemail.com"]
[Date "2020.04.03"]
[Round "1"]
[White "Calponas"]
[Black "Chapi"]
[WhiteElo "2070"]
[BlackElo "2110"]
[Result "0-1"]
[Round "1"]
1.d4 d5
2.Ng1f3 c5
3.e3 cxd4
4.exd4 Nb8c6
5.Bc1f4 Ng8f6
6.Bf1e2 Bc8f5
7.O-O Nc6b4
8.Nb1a3 e6
9.c3 Nb4c6
10.Na3b5 Ra8c8
11.a4 a6
12.Nb5a3 Bf8e7
13.Na3c2 O-O
14.Nc2e3 Bf5g6
15.Qd1d2 Nf6e4
16.Qd2c1 Nc6a5
17.Ra1a2 Na5b3
18.Qc1d1 Qd8b6
19.Ne3g4 f6
20.h3 Bg6h5
21.Be2d3 g5
22.Bf4h2 Bh5g6
23.Bd3c2 h5
24.Ng4e3 Nb3a5
25.Nf3d2 Ne4xd2
26.Qd1xd2 Bg6xc2
27.Qd2xc2 Kg7
28.f4 Qb6xd4
29.Qc2f2 Qd4e4
30.f5 Be7c5
31.Rf1e1 Na5c4
{ resign }
0-1

[Event "Mini Tournament 01"]
[Site "www.echecsemail.com"]
[Date "2020.04.03"]
[Round "1"]
[White "Koudelka"]
[Black "Joskomol"]
[WhiteElo "2160"]
[BlackElo "1980"]
[Result "1-0"]
[Round "1"]
1.e4 e5
2.Ng1f3 Ng8f6
3.d4 d5
4.Nf3xe5 Nf6xe4
5.Bf1d3 Ne4xf2
6.Kxf2 f6
7.g3 c6
8.c4 dxc4
9.Bd3xc4 Nb8a6
10.b4 { resign }
1-0

[Event "1/128 Finale"]
[Site "www.chess-mail.com"]
[Date "2020.04.03"]
[Round "1"]
[White "Picifarkinca"]
[Black "Koudelka"]
[WhiteElo "1620"]
[BlackElo "2070"]
[Result "0-1"]
[Round "1"]
1.e4 e5
2.Ng1f3 Ng8f6
3.Nb1c3 Bf8b4
4.d3 d5
5.exd5 Nf6xd5
6.Bc1d2 Bb4xc3
7.bxc3 O-O
8.g3 Rf8e8
9.Bf1g2 e4
10.Nf3g5 e3
11.Qd1h5 exd2
12.Kxd2 Nd5f6
13.Qh5xf7 Kh8
14.Rh1e1 h6
15.Re1xe8 Qd8xe8
16.Qf7xe8 Nf6xe8
17.Ra1e1 Ne8f6
{ resign }
0-1

[Event "1/128 Finale"]
[Site "www.chess-mail.com"]
[Date "2020.04.03"]
[Round "1"]
[White "Madz123456"]
[Black "Picifarkinca"]
[WhiteElo "2030"]
[BlackElo "1630"]
[Result "1-0"]
[Round "1"]
1.e4 c5
2.Ng1f3 e6
3.d4 cxd4
4.Nf3xd4 Nb8c6
5.Nb1c3 a6
6.Nd4xc6 bxc6
7.e5 Bc8b7
8.Bf1d3 Bf8b4
9.Qd1g4 Kf8
10.Qg4xb4 { resign }
1-0

[Event "Tourn. n10312"]
[Site "www.chess-mail.com"]
[Date "2020.04.03"]
[Round "1"]
[White "Coraza"]
[Black "Madz123456"]
[WhiteElo "1850"]
[BlackElo "1930"]
[Result "0-1"]
[Round "1"]
1.e4 c5
2.Bf1c4 e6
3.Qd1f3 Nb8c6
4.Ng1h3 Ng8f6
5.Nh3g5 h6
6.Ng5h3 Bf8e7
7.Qf3g3 d5
8.exd5 exd5
9.Bc4b5 O-O
10.O-O Nc6d4
11.Bb5d3 c4
12.Qg3e3 Be7c5
13.Nb1a3 cxd3
14.Qe3xd3 Bc8f5
15.Qd3e3 Nf6g4
16.Qe3f4 Nd4e2
17.Kh1 Ne2xf4
18.Nh3xf4 Ng4xf2
19.Kg1 Qd8h4
20.g3 Nf2g4
21.Kg2 Qh4xh2
22.Kf3 Ng4e5
{ resign }
0-1

[Event "Pariolinius great tourney"]
[Site "www.echecsemail.com"]
[Date "2020.04.03"]
[Round "1"]
[White "Aders1"]
[Black "Coraza"]
[WhiteElo "2350"]
[BlackElo "1900"]
[Result "1-0"]
[Round "1"]
1.Ng1f3 Ng8f6
2.g3 Nb8c6
3.Bf1g2 e5
4.d3 h6
5.e4 Bf8c5
6.O-O b6
7.Nf3xe5 Nc6xe5
8.d4 Bc5xd4
9.Qd1xd4 Ne5c6
10.Qd4d1 O-O
11.b3 Bc8a6
12.Rf1e1 Rf8e8
13.Bc1b2 d6
14.Nb1d2 d5
15.Bb2xf6 Qd8xf6
16.exd5 Re8e7
17.dxc6 Ra8e8
18.Re1xe7 Re8xe7
19.c4 b5
20.Ra1c1 Re7e6
21.Bg2d5 Re6e5
22.Nd2f3 Re5h5
23.Qd1d4 Rh5f5
24.Qd4xf6 Rf5xf6
25.Nf3e5 bxc4
26.Bd5xc4 Ba6c8
27.Rc1d1 Rf6f5
28.Rd1d8 Kh7
29.Bc4d3 Bc8a6
30.Bd3xf5 g6
31.Bf5c8 Ba6e2
32.Ne5xf7 g5
33.Bc8e6 Kg6
34.Rd8d7 Kf6
35.Be6d5 { resign }
1-0

[Event "Pariolinius great tourney"]
[Site "www.echecsemail.com"]
[Date "2020.04.03"]
[Round "1"]
[White "Ket"]
[Black "Passaroa25"]
[WhiteElo "2029"]
[BlackElo "1690"]
[Result "1-0"]
[Round "1"]
1.e4 Nb8c6
2.Ng1f3 d6
3.d4 Bc8d7
4.Nb1c3 f6
5.Bf1c4 e6
6.O-O Nc6a5
7.Bc4b3 Na5c6
8.e5 Ng8e7
9.exf6 gxf6
10.Rf1e1 Bf8g7
11.Bb3xe6 Bd7xe6
12.Re1xe6 O-O
13.Bc1f4 Ne7f5
14.Qd1d3 Nf5e7
15.Qd3c4 Nc6a5
16.Qc4d3 Ne7g6
17.Bf4g3 Rf8e8
18.Re6xe8 Qd8xe8
19.Nc3d5 Qe8c6
20.Nf3h4 Qc6xd5
21.Nh4xg6 hxg6
22.Qd3xg6 Qd5xd4
23.c3 Qd4d2
24.Bg3h4 Qd2xb2
25.Ra1f1 Qb2xc3
26.Rf1b1 Ra8f8
27.h3 b6
28.Rb1d1 Na5b7
29.Rd1d3 Qc3c1
30.Kh2 Qc1f4
31.Rd3g3 Qf4xh4
32.Qg6xg7 
1-0

[Event "Match"]
[Site "www.echecsemail.com"]
[Date "2020.04.03"]
[Round "1"]
[White "Azorau"]
[Black "Whitekknight"]
[WhiteElo "1770"]
[BlackElo "1880"]
[Result "1/2-1/2"]
[Round "1"]
1.d4 d5
2.Nb1c3 Ng8f6
3.Bc1f4 a6
4.Qd1d3 e6
5.Bf4g5 Bf8e7
6.Bg5xf6 Be7xf6
7.O-O-O O-O
8.Ng1f3 Nb8c6
9.e4 dxe4
10.Qd3xe4 Qd8e7
11.Bf1d3 g6
12.h4 Nc6b4
13.h5 Nb4xd3
14.Rd1xd3 Kh8
15.hxg6 fxg6
16.Qe4xg6 Rf8g8
17.Qg6h5 Rg8g7
18.Rd3e3 Kg8
19.Nc3d5 Qe7f7
20.Qh5xf7 Rg7xf7
21.Nd5f4 Bf6xd4
22.Nf3xd4 Rf7xf4
23.Re3g3 Kh8
{ draw }
1/2-1/2

[Event "Tourn. n10305"]
[Site "www.chess-mail.com"]
[Date "2020.04.04"]
[Round "1"]
[White "Johnmcbride"]
[Black "Ditto"]
[WhiteElo "1840"]
[BlackElo "2000"]
[Result "1-0"]
[Round "1"]
1.e4 e5
2.Ng1f3 Nb8c6
3.d3 Bf8c5
4.c3 d6
5.b4 h6
6.bxc5 dxc5
7.c4 Bc8g4
8.Bf1e2 Bg4xf3
9.Be2xf3 Qd8f6
10.Bc1e3 O-O-O
11.O-O Ng8e7
12.Be3xc5 Ne7g6
13.Nb1c3 Ng6f4
14.Nc3d5 Nf4xd5
15.cxd5 Nc6d4
16.Bf3g4 Kb8
17.Qd1a4 a6
18.Bg4d7 Qf6g5
19.Bc5xd4 exd4
20.Ra1b1 Qg5f6
21.Bd7c6 b5
22.Qa4xa6 { resign }
1-0

[Event "Tournament 01"]
[Site "www.echecsemail.com"]
[Date "2020.04.04"]
[Round "1"]
[White "Madz123456"]
[Black "Guidom"]
[WhiteElo "2020"]
[BlackElo "2110"]
[Result "1-0"]
[Round "1"]
1.e4 e5
2.Ng1f3 Nb8c6
3.Bf1b5 d6
4.d4 exd4
5.Qd1xd4 Bc8d7
6.Bb5xc6 Bd7xc6
7.Nb1c3 Qd8f6
8.Qd4c4 Ng8e7
9.Nc3d5 Bc6xd5
10.exd5 c6
11.Qc4e2 O-O-O
12.Bc1g5 Qf6xb2
13.O-O f6
14.Ra1b1 Qb2c3
15.Bg5d2 Qc3xc2
16.Nf3d4 Qc2c5
17.dxc6 Qc5xd4
18.Rb1xb7 Ne7xc6
19.Qe2a6 Nc6b8
20.Rf1c1 Qd4c5
21.Qa6xa7 { resign }
1-0

[Event "Tourn. n10295"]
[Site "www.chess-mail.com"]
[Date "2020.04.04"]
[Round "1"]
[White "Francesco"]
[Black "Bevittsmith"]
[WhiteElo "2040"]
[BlackElo "2290"]
[Result "0-1"]
[Round "1"]
1.e4 e6
2.d4 d5
3.exd5 exd5
4.Bf1d3 Ng8f6
5.Bc1f4 Bf8d6
6.Ng1e2 Bd6xf4
7.Ne2xf4 Qd8d6
8.Qd1f3 O-O
9.O-O Bc8e6
10.Nf4xe6 fxe6
11.Rf1e1 Nb8c6
12.c3 e5
13.dxe5 Nc6xe5
14.Qf3h3 Ne5xd3
15.Qh3xd3 Ra8e8
16.Nb1d2 Qd6b6
17.Qd3c2 Qb6d6
18.Nd2f3 Re8e4
19.Re1xe4 dxe4
20.Nf3d4 Nf6g4
21.g3 Rf8xf2
22.Qc2b3 Kh8
23.Qb3xb7 Rf2f8
24.Qb7xa7 Qd6h6
25.h4 Qh6e3
26.Kg2 h5
27.Ra1h1 Qe3d2
28.Kh3 Ng4f2
29.Kh2 Nf2xh1
30.Kh3 Nh1f2
31.Kg2 Nf2g4
{ resign }
0-1

[Event "Tourn. n10287"]
[Site "www.chess-mail.com"]
[Date "2020.04.04"]
[Round "1"]
[White "Dussek"]
[Black "Passaroa25"]
[WhiteElo "1900"]
[BlackElo "1710"]
[Result "1-0"]
[Round "1"]
1.e4 Nb8c6
2.Ng1f3 Ng8f6
3.Nb1c3 e5
4.Bf1c4 d6
5.O-O Bf8e7
6.d3 h6
7.h3 O-O
8.Nc3e2 Bc8e6
9.Bc4xe6 fxe6
10.Ne2g3 Kf7
11.Nf3h2 Rf8h8
12.Ng3h5 Qd8g8
13.Qd1f3 g6
14.Nh5xf6 Be7xf6
15.Nh2g4 Qg8d8
16.Ng4xh6 Kg7
17.Nh6g4 Bf6g5
18.c3 Bg5f4
19.Bc1xf4 exf4
20.Qf3xf4 Rh8h5
21.d4 Qd8g5
22.Qf4xg5 Rh5xg5
23.f4 Rg5b5
24.b3 Nc6e7
25.Ng4e3 Ne7c6
26.g4 Rb5b6
27.Ne3c4 Rb6a6
28.a4 b6
29.b4 Nc6xb4
30.cxb4 b5
31.Nc4a5 Ra8b8
32.d5 e5
33.fxe5 dxe5
34.Rf1c1 Rb8c8
35.axb5 Ra6f6
36.Rc1f1 Rc8f8
37.Rf1xf6 Rf8xf6
38.Ra1f1 Rf6xf1
39.Kxf1 Kf6
40.Na5c6 Kg5
41.d6 cxd6
42.Nc6xa7 Kf4
43.b6 Kxe4
44.b7 Kf3
45.b8Q Kg3
46.Qb8xd6 Kxh3
47.Qd6xe5 Kxg4
48.Kf2 g5
49.Na7c6 Kh5
50.Qe5f5 { resign }
1-0

[Event "Tourn. n10310"]
[Site "www.chess-mail.com"]
[Date "2020.04.04"]
[Round "1"]
[White "Patriciomeza"]
[Black "Fantomas"]
[WhiteElo "2370"]
[BlackElo "2210"]
[Result "1-0"]
[Round "1"]
1.e4 e5
2.Ng1f3 Nb8c6
3.Bf1b5 a6
4.Bb5a4 b5
5.Ba4b3 h6
6.O-O Bc8b7
7.c3 d6
8.d4 Ng8f6
9.Nb1d2 Bf8e7
10.Rf1e1 O-O
11.h3 Qd8d7
12.Nd2f1 Rf8e8
13.Nf1g3 Be7f8
14.a3 exd4
15.cxd4 Nc6a5
16.Bb3c2 Ra8d8
17.b3 c5
18.d5 Bb7a8
19.Bc1b2 Bf8e7
20.Qd1d2 Na5b7
21.Ng3f5 c4
22.Nf5xh6 Kf8
23.Qd2g5 g6
24.Nf3h4 { resign }
1-0

[Event "1/32 Finale"]
[Site "www.chess-mail.com"]
[Date "2020.04.04"]
[Round "1"]
[White "Destructor"]
[Black "Ff333"]
[WhiteElo "2540"]
[BlackElo "2010"]
[Result "1-0"]
[Round "1"]
1.e4 e5
2.Ng1f3 Nb8c6
3.Bf1b5 d6
4.d4 Bc8d7
5.Nb1c3 a6
6.Bb5xc6 Bd7xc6
7.dxe5 dxe5
8.Qd1xd8 Ra8xd8
9.Nf3xe5 Bc6d7
10.h4 Bf8d6
11.Ne5d3 f6
12.Bc1f4 Bd6xf4
13.Nd3xf4 Ng8h6
14.f3 O-O
15.O-O-O Bd7c6
16.Nf4e6 Rd8xd1
17.Rh1xd1 Rf8c8
18.Rd1d8 Rc8xd8
19.Ne6xd8 Nh6f7
20.Nd8xc6 bxc6
21.Nc3a4 Nf7d6
22.Na4c5 a5
23.a4 Kf7
24.Kd2 Ke7
25.Kc3 g6
26.b4 axb4
27.Kxb4 Kd8
28.a5 Nd6b5
29.c4 Nb5a7
30.Nc5d3 Kd7
31.Kc5 Kc8
32.a6 Kd7
33.g4 h6
34.f4 Na7c8
35.e5 Nc8a7
36.exf6 Ke6
37.g5 hxg5
38.fxg5 Kf7
39.Nd3e5 { resign }
1-0

[Event "Tourn. n10295"]
[Site "www.chess-mail.com"]
[Date "2020.04.04"]
[Round "1"]
[White "Fantomas"]
[Black "Bira47"]
[WhiteElo "2190"]
[BlackElo "2050"]
[Result "1-0"]
[Round "1"]
1.e4 c5
2.Ng1f3 e6
3.d4 cxd4
4.Nf3xd4 a6
5.Nb1c3 b5
6.Bc1e3 Bc8b7
7.Bf1d3 Nb8c6
8.Nc3e2 Ng8e7
9.c3 g6
10.Qd1d2 Bf8g7
11.O-O Nc6xd4
12.Ne2xd4 Ne7c6
13.Nd4f3 h6
14.h3 Ra8c8
15.Ra1d1 Nc6a5
16.Qd2e2 O-O
17.Nf3d2 d5
18.exd5 exd5
19.Nd2f3 Rf8e8
20.Qe2d2 Kh7
21.Nf3d4 Na5c4
22.Bd3xc4 bxc4
23.Nd4e2 Qd8c7
24.Be3f4 Qc7e7
25.Ne2d4 Bg7xd4
26.Qd2xd4 f6
27.Qd4d2 g5
28.Bf4e3 Qe7e4
29.Be3d4 Rc8c6
30.Rf1e1 Qe4g6
31.Re1xe8 Qg6xe8
32.Rd1e1 Rc6e6
33.Re1xe6 Qe8xe6
34.Qd2e3 Qe6xe3
35.Bd4xe3 Kg6
36.Be3d4 f5
37.g3 f4
38.Kg2 Kf5
39.Kf3 h5
40.g4 hxg4
41.hxg4 Ke6
42.Ke2 a5
43.f3 a4
44.Kd2 Kd6
45.Ke2 Bb7a6
46.Bd4f6 Ke6
47.Bf6xg5 Ke5
48.Bg5d8 d4
49.Bd8c7 Kd5
50.Bc7xf4 d3
51.Kf2 Ba6b7
52.Kg3 Ke6
53.Bf4d2 Bb7c8
54.Kh4 Bc8d7
55.Kg5 Kf7
56.f4 Bd7e6
57.f5 Be6d5
58.Kf4 Bd5g2
59.Ke5 Bg2h3
60.g5 Ke7
61.g6 Bh3g4
62.Bd2g5 Kf8
63.Bg5h6 Kg8
64.f6  { time }
1-0

[Event "Pariolinius great tourney"]
[Site "www.echecsemail.com"]
[Date "2020.04.04"]
[Round "1"]
[White "Aders1"]
[Black "Pariolinius"]
[WhiteElo "2350"]
[BlackElo "2030"]
[Result "1-0"]
[Round "1"]
1.Ng1f3 Ng8f6
2.g3 g6
3.Bf1g2 Bf8g7
4.O-O d6
5.d3 O-O
6.e4 c5
7.Nb1d2 Nb8c6
8.a4 Bc8e6
9.c3 Qd8d7
10.Nf3g5 Be6g4
11.f3 Bg4e6
12.Ng5xe6 Qd7xe6
13.Qd1e2 Qe6d7
14.Nd2c4 Ra8c8
15.f4 Rf8e8
16.a5 Qd7g4
17.Qe2xg4 Nf6xg4
18.h3 Ng4f6
19.Bc1e3 Nf6h5
20.g4 Nh5f6
21.e5 dxe5
22.Nc4xe5 Nf6d7
23.Ne5xd7 b6
24.axb6 axb6
25.Nd7xb6 Rc8c7
26.Ra1a8 Nc6b8
27.Rf1a1 Kf8
28.Ra1a7 Rc7xa7
29.Ra8xa7 Nb8c6
30.Bg2xc6 Re8d8
31.Be3xc5 Kg8
32.Bc5xe7 { resign }
1-0

[Event "Pariolinius great tourney"]
[Site "www.echecsemail.com"]
[Date "2020.04.04"]
[Round "1"]
[White "Passaroa25"]
[Black "Aders1"]
[WhiteElo "1690"]
[BlackElo "2350"]
[Result "0-1"]
[Round "1"]
1.Nb1c3 Ng8f6
2.f3 g6
3.e3 Bf8g7
4.Ng1e2 O-O
5.Ne2g3 d6
6.d4 c6
7.Bc1d2 Nb8d7
8.Bf1e2 e5
9.O-O exd4
10.exd4 Qd8b6
11.Bd2c1 Rf8e8
12.Nc3a4 Qb6c7
13.b3 Nf6d5
14.Qd1d3 Nd7b6
15.Bc1d2 Nb6xa4
16.bxa4 a5
17.Bd2e1 Nd5f4
18.Qd3d2 Nf4xe2
19.Ng3xe2 d5
20.c3 b6
21.Be1g3 Qc7e7
22.Bg3f2 Bc8a6
23.Rf1e1 Ba6xe2
24.Re1xe2 Qe7xe2
25.Ra1d1 Re8e6
26.Qd2xe2 Re6xe2
27.Rd1a1 Ra8e8
28.Ra1e1 Re2xe1
29.Bf2xe1 Re8xe1
30.Kf2 Re1a1
31.Kg3 Ra1xa2
{ resign }
0-1

[Event "Match"]
[Site "www.echecsemail.com"]
[Date "2020.04.04"]
[Round "1"]
[White "Chapi"]
[Black "Geodad5"]
[WhiteElo "2110"]
[BlackElo "2070"]
[Result "0-1"]
[Round "1"]
1.d4 d5
2.c4 e6
3.cxd5 exd5
4.Nb1c3 Ng8f6
5.Bc1g5 Bf8e7
6.Ng1f3 O-O
7.g3 Bc8e6
8.Bf1g2 Nb8d7
9.Qd1b3 Nd7b6
10.O-O c6
11.Nf3e5 Nf6d7
12.Bg5f4 Nd7xe5
13.Bf4xe5 Qd8d7
14.Qb3c2 f5
15.Nc3a4 Nb6c4
16.f4 Nc4e3
17.Qc2b3 Ne3xf1
18.Kxf1 b5
19.Na4c5 Be7xc5
20.dxc5 a5
21.Ra1d1 a4
22.Qb3c3 Rf8f7
23.e4 fxe4
24.Bg2xe4 Be6g4
25.Rd1d2 Qd7e6
26.Be4g2 b4
27.Qc3d4 Qe6f5
28.Qd4xb4 Qf5xe5
29.Qb4d4 Qe5xd4
30.Rd2xd4 Bg4e6
31.Kf2 Kf8
32.h3 g5
{ resign }
0-1

[Event "Pariolinius great tourney"]
[Site "www.echecsemail.com"]
[Date "2020.04.04"]
[Round "1"]
[White "Coraza"]
[Black "Aders1"]
[WhiteElo "1900"]
[BlackElo "2350"]
[Result "0-1"]
[Round "1"]
1.Ng1f3 Ng8f6
2.Nb1c3 g6
3.e4 d6
4.h3 Bf8g7
5.Bf1c4 O-O
6.b3 Nf6xe4
7.d4 Ne4xc3
8.Qd1d3 d5
9.Qd3xc3 dxc4
10.Qc3xc4 Nb8c6
11.c3 e5
12.O-O exd4
13.Bc1g5 Bc8e6
14.Qc4d3 Qd8d7
15.Rf1d1 Be6f5
16.Qd3e2 h5
17.cxd4 Nc6xd4
18.Qe2e7 Nd4xf3
19.gxf3 Qd7xe7
20.Bg5xe7 Bg7xa1
21.Be7xf8 Kxf8
22.Rd1xa1 Bf5xh3
23.Kh2 Bh3f5
24.Ra1c1 c6
25.Kg3 Ra8d8
26.a4 Rd8d3
27.b4 Bf5g4
28.Kg2 Rd3xf3
29.Rc1c2 Rf3b3
30.Rc2c4 Bg4e6
31.Rc4d4 Be6d5
32.Kh2 Ke7
33.Rd4f4 f5
34.Rf4d4 Kf6
35.a5 Ke5
36.Rd4d1 Rb3xb4
{ resign }
0-1

[Event "Tourn. n10282"]
[Site "www.chess-mail.com"]
[Date "2020.04.05"]
[Round "1"]
[White "Ditto"]
[Black "Andychesston"]
[WhiteElo "1940"]
[BlackElo "1850"]
[Result "0-1"]
[Round "1"]
1.e4 e5
2.Ng1f3 Nb8c6
3.Bf1c4 Bf8e7
4.d3 d6
5.Bc1e3 Bc8g4
6.Nb1d2 Ng8f6
7.O-O O-O
8.c3 Nc6a5
9.Rf1e1 c6
10.Bc4b3 b5
11.h3 Bg4xh3
12.gxh3 c5
13.Bb3c2 c4
14.d4 Nf6d7
15.Kh1 Qd8c7
16.Re1g1 g6
17.Qd1f1 Be7f6
18.d5 Bf6g7
19.Bc2d1 f5
20.exf5 Rf8xf5
21.Qf1g2 Ra8f8
22.Bd1e2 Nd7b6
23.Nf3h4 Qc7f7
24.Nh4xf5 Qf7xf5
25.Be2g4 Qf5c2
26.Bg4e6 Kh8
27.Nd2f3 Na5b7
28.Ra1b1 Nb7d8
29.Nf3g5 Nd8xe6
30.dxe6 Nb6c8
31.Qg2b7 Qc2f5
32.Rb1d1 h6
33.Ng5f7 Kh7
34.Be3xh6 Qf5xh3
{ resign }
0-1

[Event "Match"]
[Site "www.echecsemail.com"]
[Date "2020.04.05"]
[Round "1"]
[White "Gambitmiau"]
[Black "Azocarfreund"]
[WhiteElo "1780"]
[BlackElo "1810"]
[Result "0-1"]
[Round "1"]
1.e4 e5
2.d4 exd4
3.Ng1f3 c5
4.Bf1c4 h6
5.Nf3e5 d5
6.Bc4xd5 Qd8c7
7.Ne5xf7 Rh8h7
8.Qd1f3 g5
9.Qf3h5 Ke7
10.Bc1xg5 Kd7
11.Qh5g4 Ke8
12.Nf7xh6 Bc8xg4
{ resign }
0-1

[Event "Match"]
[Site "www.echecsemail.com"]
[Date "2020.04.05"]
[Round "1"]
[White "Amirah"]
[Black "Dahlia"]
[WhiteElo "1809"]
[BlackElo "2609"]
[Result "1-0"]
[Round "1"]
1.e4 Ng8f6
2.e5 Nf6d5
3.d4 d6
4.Ng1f3 Bc8g4
5.Bf1e2 e6
6.O-O Bf8e7
7.c4 Nd5b6
8.h3 Bg4h5
9.Nb1c3 O-O
10.Bc1e3 a5
11.exd6 cxd6
12.Qd1b3 Qd8d7
13.Qb3xb6 { resign }
1-0

[Event "Match"]
[Site "www.echecsemail.com"]
[Date "2020.04.05"]
[Round "1"]
[White "Amirah"]
[Black "Dahlia"]
[WhiteElo "1809"]
[BlackElo "2609"]
[Result "1-0"]
[Round "1"]
1.e4 Ng8f6
2.e5 Nf6d5
3.d4 d6
4.c4 Nd5b6
5.f4 dxe5
6.fxe5 Nb8c6
7.Bc1e3 Bc8f5
8.Nb1c3 e6
9.Ng1f3 Bf8e7
10.d5 exd5
11.cxd5 Nc6b4
12.Nf3d4 Qd8xd5
13.Nc3xd5 { resign }
1-0

[Event "1/64 Finale"]
[Site "www.chess-mail.com"]
[Date "2020.04.05"]
[Round "1"]
[White "Agmdiazj"]
[Black "Madz123456"]
[WhiteElo "2059"]
[BlackElo "1680"]
[Result "0-1"]
[Round "1"]
1.d4 Ng8f6
2.c4 e6
3.Nb1c3 Bf8b4
4.Qd1c2 c5
5.dxc5 Bb4xc5
6.Ng1f3 h6
7.e3 d5
8.cxd5 exd5
9.Bf1b5 Nb8c6
10.O-O O-O
11.Nc3a4 Bc5d6
12.Bb5xc6 bxc6
13.Qc2xc6 Bc8f5
14.Na4c3 Ra8b8
15.Qc6a4 Bf5g4
16.Nf3d4 Bg4d7
17.Qa4d1 Rf8e8
18.h3 Nf6e4
19.Nc3xd5 Bd7xh3
20.gxh3 Qd8g5
21.Qd1g4 Qg5xd5
22.Nd4f5 Bd6e5
23.Nf5xh6 Kf8
24.Rf1d1 Qd5c4
25.Nh6f5 Qc4c2
26.Rd1f1 Rb8b6
27.Nf5h4 Re8e6
28.Qg4d1 Re6g6
29.Nh4xg6 Rb6xg6
30.Kh1 Ne4xf2
{ resign }
0-1

[Event "Match"]
[Site "www.echecsemail.com"]
[Date "2020.04.05"]
[Round "1"]
[White "Ztornad"]
[Black "Chapi"]
[WhiteElo "1890"]
[BlackElo "2110"]
[Result "0-1"]
[Round "1"]
1.d4 d5
2.Ng1f3 c5
3.dxc5 Nb8c6
4.Nf3d4 e5
5.Nd4xc6 bxc6
6.e4 Bf8xc5
7.Qd1f3 Ng8f6
8.Bf1e2 Nf6xe4
9.Bc1e3 Bc5xe3
10.Qf3xe3 Qd8f6
11.O-O O-O
12.f4 exf4
13.Rf1xf4 Qf6xb2
14.Nb1d2 Qb2xa1
15.Rf4f1 Qa1xa2
16.Nd2xe4 dxe4
17.Qe3xe4 Qa2e6
18.Qe4f3 Ra8b8
19.Be2d3 Rb8b6
20.Qf3h5 Qe6h6
21.Qh5e5 c5
22.Qe5e7 a5
23.Qe7xc5 a4
24.Bd3b5 a3
25.Bb5c4 Bc8a6
26.Bc4xf7 Rf8xf7
27.Rf1xf7 Kxf7
28.Qc5c7 Ke8
29.Qc7e5 Qh6e6
30.Qe5c3 Rb6b1
31.Kf2 Qe6f6
32.Kg3 Qf6xc3
33.Kf4 Rb1b4
34.Kf5 Qc3c5
35.Ke6 Rb4b6

0-1

[Event "Match"]
[Site "www.echecsemail.com"]
[Date "2020.04.05"]
[Round "1"]
[White "Amirah"]
[Black "Elynhajdur"]
[WhiteElo "2529"]
[BlackElo "2329"]
[Result "1-0"]
[Round "1"]
1.e4 c5
2.Nb1c3 Nb8c6
3.g3 g6
4.Bf1g2 Bf8g7
5.Ng1f3 Ng8f6
6.O-O O-O
7.d3 d5
8.Bc1f4 e6
9.e5 Bc8d7
10.exf6 Qd8xf6
11.Bf4e5 Qf6f5
12.Be5xg7 Kxg7
13.Nc3b5 a6
14.Nb5c7 Qf5g4
15.Nc7xa8 { resign }
1-0

[Event "Tourn. n10317"]
[Site "www.chess-mail.com"]
[Date "2020.04.05"]
[Round "1"]
[White "Passaroa25"]
[Black "Picifarkinca"]
[WhiteElo "1690"]
[BlackElo "1620"]
[Result "1/2-1/2"]
[Round "1"]
1.Ng1f3 d5
2.d4 Ng8f6
3.e3 c6
4.Nb1d2 Bc8f5
5.Bf1d3 Bf5e4
6.Bd3xe4 dxe4
7.Nf3e5 Nb8d7
8.f3 exf3
9.gxf3 e6
10.c3 Qd8c7
11.Nd2e4 Nf6xe4
12.fxe4 Nd7xe5
13.dxe5 Qc7xe5
14.Qd1f3 O-O-O
15.Bc1d2 f6
16.O-O-O Bf8e7
17.a3 Rd8d3
18.Kc2 Rh8d8
19.h3 Kb8
20.Bd2c1 Rd3xd1
21.Rh1xd1 Rd8xd1
22.Kxd1 Be7f8
23.Bc1d2 Kc7
{ draw }
1/2-1/2

[Event "Tourn. n10327"]
[Site "www.chess-mail.com"]
[Date "2020.04.05"]
[Round "1"]
[White "Ket"]
[Black "Osopanda"]
[WhiteElo "2000"]
[BlackElo "1840"]
[Result "0-1"]
[Round "1"]
1.e4 e5
2.f4 d5
3.exd5 e4
4.d3 Ng8f6
5.dxe4 c6
6.Nb1c3 cxd5
7.Nc3xd5 Nb8c6
8.Ng1f3 Bc8g4
9.Bf1e2 Nf6xe4
10.O-O Bf8c5
11.Bc1e3 Bc5xe3
12.Nd5xe3 Qd8b6
13.Qd1d3 f5
14.Kh1 Ra8d8
15.Qd3b3 Qb6xb3
16.axb3 a6
17.Be2d3 O-O
18.Ne3xg4 fxg4
19.Bd3xe4 gxf3
20.Be4xf3 Rd8d2
21.Bf3xc6 bxc6
22.Ra1xa6 Rd2xc2
23.Ra6xc6 Rc2xc6
{ resign }
0-1

[Event "Tourn. n10301"]
[Site "www.chess-mail.com"]
[Date "2020.04.05"]
[Round "1"]
[White "Iko"]
[Black "Osopanda"]
[WhiteElo "1730"]
[BlackElo "1840"]
[Result "0-1"]
[Round "1"]
1.e4 c5
2.c4 e6
3.Ng1f3 d6
4.Nb1a3 Nb8c6
5.Na3b5 Ng8f6
6.Bf1d3 Bf8e7
7.O-O a6
8.Nb5c3 O-O
9.Nf3g5 Nc6d4
10.Nc3a4 b5
11.cxb5 axb5
12.Na4c3 e5
13.Nc3xb5 h6
14.Nb5xd4 cxd4
15.b4 hxg5
16.Ra1b1 Bc8e6
17.Rb1a1 Be6xa2
18.Qd1c2 Ba2e6
19.Ra1a2 Ra8xa2
20.Qc2b1 Qd8a8
21.b5 d5
22.exd5 Be6xd5
23.Rf1e1 e4
24.Bd3c2 d3
25.Bc2b3 Bd5xb3
26.Qb1xb3 Ra2c2
27.b6 Rf8b8
28.Bc1b2 Qa8d5
29.Qb3xd5 Nf6xd5
30.Re1xe4 Rc2xb2
31.Re4d4 Rb2b1

0-1

[Event "Tourn. n10304"]
[Site "www.chess-mail.com"]
[Date "2020.04.05"]
[Round "1"]
[White "Numanoid"]
[Black "Patriciomeza"]
[WhiteElo "2780"]
[BlackElo "2369"]
[Result "1/2-1/2"]
[Round "1"]
1.e4 Ng8f6
2.e5 Nf6d5
3.d4 d6
4.Ng1f3 g6
5.Bf1e2 Bf8g7
6.O-O O-O
7.exd6 cxd6
8.Rf1e1 Bc8f5
9.c3 e5
10.Qd1b3 Nd5b6
11.a4 Bf5e6
12.Qb3d1 h6
13.a5 Nb6d7
14.d5 Be6g4
15.h3 Bg4xf3
16.Be2xf3 f5
17.Nb1d2 Kh7
18.Nd2c4 e4
19.Bf3e2 Nd7e5
{ draw }
1/2-1/2